000 00411nam a2200157Ia 4500
003 GCL
008 140319s9999 xx 000 0 eng d
040 _aGCL /
_cGCL
082 0 4 _a792.9438
_bS T
100 1 _aSZYDLOWSRI, ROMAN
245 1 0 _aTHE THEATRE IN POLAND /
_cSZYDLOWSRI, ROMAN
260 _a[S.N] :
_bINTERPRSS PUBLISHERS ،
_c1972
300 _a176P
650 0 4 _aPOLAND - THEATER
942 _2ddc
_cBK
999 _c12169
_d12169